NLSUI OPAC header image

The Cambridge World history of slavery Vol. I : (Record no. 30381)

MARC details
000 -LEADER
fixed length control field 03110nam a2200217Ia 4500
003 - CONTROL NUMBER IDENTIFIER
control field OSt
005 - DATE AND TIME OF LATEST TRANSACTION
control field 20260219064301.0
008 - FIXED-LENGTH DATA ELEMENTS--GENERAL INFORMATION
fixed length control field 160316s2011 xxu||||| |||| 00| 0 eng d
020 ## - INTERNATIONAL STANDARD BOOK NUMBER
International Standard Book Number 9780511780349 (hbk)
082 ## - DEWEY DECIMAL CLASSIFICATION NUMBER
Classification number 306.36 BRA-I
100 ## - MAIN ENTRY--PERSONAL NAME
Personal name Bradley Keith
245 ## - TITLE STATEMENT
Title The Cambridge World history of slavery Vol. I :
Remainder of title the ancient mediterranean World /
Statement of responsibility, etc. Keith Bradley
260 ## - PUBLICATION, DISTRIBUTION, ETC.
Place of publication, distribution, etc. Cambridge :
Name of publisher, distributor, etc. Cambridge University Press,
Date of publication, distribution, etc. 2011.
300 ## - PHYSICAL DESCRIPTION
Extent xli, 620 p. :
Dimensions 23.5 cm
365 ## - TRADE PRICE
Price amount Rs. 10,152
505 ## - FORMATTED CONTENTS NOTE
Formatted contents note Contents:<br/>Frontmatter. Pp. i-iv;<br/>Contents. Pp. v-viii;<br/>Series editors' introduction. Pp. ix-ix;<br/>List of figures. Pp. x-x;<br/>Acknowledgements. Pp. xi-xii;<br/>Introduction. Pp. 1-3;<br/>1 - Slavery in the ancient Near East. Pp. 4-21;<br/>By Daniel C. Snell, University of Oklahoma;<br/>2 - Slaves in Greek literary culture. Pp. 22-47;<br/>By Peter Hunt, University of Colorado;<br/>3 - Classical Athens. Pp. 48-73;<br/>By T. E. Rihll, University of Wales;<br/>4 - The Helots: a contemporary review. Pp. 74-90;<br/>By Paul Cartledge, Cambridge University;<br/>5 - Slavery and economy in the Greek world. pp. 91-111;<br/>By Dimitris J. Kyrtatas, University of Thessaly;<br/>6 - The slave supply in classical Greece. Pp. 112-133;<br/>By David Braund, University of Essex;<br/>7 - Slavery and the Greek family. Pp. 134-152;<br/>By Mark Golden, University of Winnipeg;<br/>8 - Resistance among chattel slaves in the classical Greek world. pp. 153-175;<br/>By Niall McKeown, University of Birmingham;<br/>9 - Archaeology and Greek slavery. Pp. 176-193;<br/>By Ian Morris, Stanford University;<br/>10 - Slavery in the Hellenistic world. pp. 194-213;<br/>By Dorothy J. Thompson, University of Cambridge;<br/>11 - Slavery and Roman literary culture. Pp. 214-240;<br/>By Sandra R. Joshel, University of Washington;<br/>12 - Slavery in the Roman Republic. Pp. 241-264;<br/>By Keith Bradley, University of Notre Dame;<br/>13 - Slavery Under the Principate. Pp. 265-286;<br/>By Neville Morley, University of Bristol;<br/>14 - The Roman slave supply. Pp. 287-310;<br/>By Walter Scheidel, Stanford University;<br/>15 - Slave labour and Roman society. Pp. 311-336;<br/>By John Bodel, Brown University;<br/>16 - Slavery and the Roman family. Pp. 337-361;<br/>By Jonathan Edmondson, York University, Toronto;<br/>17 - Resisting slavery at Rome. Pp. 362-384;<br/>By Keith Bradley, University of Notre Dame;<br/>18 - Slavery and Roman material culture. Pp. 385-413;<br/>By Michele George, McMaster University;<br/>19 - Slavery and Roman law. Pp. 414-437;<br/>By Jane F. Gardner, University of Reading;<br/>20 - Slavery and the Jews. Pp. 438-455;<br/>By Catherine Hezser, University of London;<br/>21 - Slavery and the rise of Christianity. Pp. 456-481.<br/>By Jennifer Glancy, University of Richmond;<br/>22 - Slavery in the late Roman world. pp. 482-509;<br/>By Cam Grey, University of Pennsylvania;<br/>Bibliography. pp. 510-562;<br/>General index. pp. 563-592;<br/>Index of ancient passages cited. Pp. 593-615;<br/>Index of inscriptions and papyri. Pp. 616-618;<br/>Index of Jewish and Christian Literature Cited. Pp. 619-620.
650 ## - SUBJECT ADDED ENTRY--TOPICAL TERM
Topical term or geographic name entry element Slaver History
650 ## - SUBJECT ADDED ENTRY--TOPICAL TERM
Topical term or geographic name entry element Slavery in the Late Roman World
700 ## - ADDED ENTRY--PERSONAL NAME
Personal name Carledge Paul
--
942 ## - ADDED ENTRY ELEMENTS (KOHA)
Source of classification or shelving scheme Dewey Decimal Classification
Koha item type BOOKs
Holdings
Withdrawn status Lost status Damaged status Not for loan Home library Current library Shelving location Date acquired Cost, normal purchase price Total Checkouts Full call number Barcode Date last seen Price effective from Koha item type
      Not For Loan . . General Stacks 30.05.2017 10152.00   306.36 BRA-I 27711 30.05.2017 30.05.2017 BOOKs